Presidents of Chile - Sudden Death - Statistics

General Stats
  • This quiz has been taken 23 times
  • The average score is 15 of 20
Answers on the Grid
Answers color-coded by a green-red scale on the quiz's grid according to % correct below.
Alberto Fernández
Arturo Alessandri
Augusto Pinochet
Carlos Ibáñez del Campo
Domingo Santa María
Eduardo Frei Montalva
Emiliano Figueroa
Federico Errázuriz Echaurren
Francisco Antonio Pinto
Gabriel Boric
Jair Bolsonaro
Javier Milei
João Figueiredo
Joaquín Prieto
Jorge Alessandri
José Jerí
José Manuel Balmaceda
Juan Antonio Ríos
Juan Esteban Montero
Juan Luis Sanfuente
Juan Perón
Luiz Inácio Lula da Silva
Manuel Bulnes
Mark Carney
Nicolás Maduro
Patricio Aylwin
Pedro Castillo
Ramón Freire
Salvador Allende
Santiago Peña
Sebastián Piñera
Simón Bolívar
Suharto
 
Answer Stats
Answer % Correct
Augusto Pinochet
89%
Salvador Allende
89%
Eduardo Frei Montalva
84%
Gabriel Boric
84%
Sebastián Piñera
84%
Arturo Alessandri
79%
Carlos Ibáñez del Campo
79%
Francisco Antonio Pinto
79%
Manuel Bulnes
79%
Patricio Aylwin
79%
Domingo Santa María
74%
Federico Errázuriz Echaurren
74%
Jorge Alessandri
74%
José Manuel Balmaceda
74%
Ramón Freire
74%
Joaquín Prieto
68%
Juan Antonio Ríos
58%
Juan Esteban Montero
58%
Juan Luis Sanfuente
53%
Emiliano Figueroa
47%
No matching quizzes found
Score Distribution
Percent of People with Each Score
Percentile by Number Answered
Your Score History
You have not taken this quiz